000
00308nam a22001337a 4500
008
170613b xxu||||| |||| 00| 0 eng d
020
_a
9780470379929
041
_a
eng
080
_a
94
100
_a
19
101
_a
SHH
245
_a
THE CASE AGINST ISRAEL ENEMIES
_c
DERSHOWITZ.A
942
_2
udc
_c
BK
999
_c
17069
_d
17069